000 00887cam a2200313 i 4500
001 0000437
003 DO-SdBNP
005 20240208095814.0
007 0000437
008 100514s2001 sp ||| 000 f spa
015 _a
017 _a
_b
020 _a8466302824
035 _a
040 _aBPMSU
_bspa
_cBPMSU
_e
080 _a
082 4 _a863.5
_bA323d 2001
_222
100 1 _aAlas, Leopoldo
_d1852-1901
245 1 0 _aDoña Berta /
_cLeopoldo Alas Clarín ; colección presentada por Luis Mateo Díez, José María Merino
_h
260 _aMadrid :
_bSuma de letras,
_c2001.
300 _a125 p. ;
_c18 cm
490 0 _aObras maestras de la novela corta ;
_aPunto de lectura
500 _a
590 _aInventariado, 2024/VM
650 4 _aCuentos españoles
650 4 _aLiteratura española
910 _aVMateo V. Control de calidad. BPMSU
942 _2ddc
_cBK
999 _c10535
_d10535